[Event "La Fere op 11th"]
[Site "La Fere"]
[Date "2012.07.14"]
[Round "9"]
[White "Fauchart, Francois"]
[Black "Soveaux, Jean"]
[Result "0-1"]
[WhiteElo "1639"]
[BlackElo "1834"]
[PlyCount "112"]
[EventDate "2012.07.07"]
[EventType "swiss"]
[EventRounds "9"]
[EventCountry "FRA"]
[SourceTitle "CBM 149 Extra"]
[Source "ChessBase"]
[SourceDate "2012.08.24"]
[SourceVersion "1"]
[SourceVersionDate "2012.08.24"]
[SourceQuality "1"]

1. d4 d5 2. Nf3 c6 3. Bf4 Nf6 4. h3 e6 5. e3 Bd6 6. Ne5 Qe7 7. Nd2 0-0 8. Bd3 Nbd7 9. c3 c5 10. Bc2 Ne8 11. 0-0 f5 12. Ndf3 Bxe5 13. dxe5 h6 14. h4 Kh8 15. b3 b6 16. g4 fxg4 17. Nh2 Qxh4 18. Qxg4 Qxg4+ 19. Nxg4 Ba6 20. Rfe1 g5 21. Bg3 Kg7 22. e4 Bb7 23. exd5 Bxd5 24. Rad1 Rd8 25. Be4 Nc7 26. c4 Bxe4 27. Rxe4 Nb8 28. Rd6 b5 29. Re1 bxc4 30. bxc4 Rxd6 31. exd6 Ne8 32. Rxe6 Nf6 33. Be5 Nbd7 34. Re7+ Kg6 35. Bxf6 Nxf6 36. Nxf6 Kxf6 37. Rxa7 Rd8 38. d7 Ke5 39. a4 Kd4 40. a5 Kxc4 41. Rb7 Kd5 42. Rc7 Kd6 43. Rb7 Kc6 44. Rb6+ Kxd7 45. Rxh6 c4 46. Rh3 Kc6 47. Rc3 Kb5 48. a6 Ra8 49. Rg3 Rxa6 50. Rxg5+ Kb4 51. Rg4 Kb3 52. Kf1 Re6 53. Rg7 c3 54. Rb7+ Kc2 55. f3 Rd6 56. Rc7 Kd2 0-1

[Event "La Fere op 11th"]
[Site "La Fere"]
[Date "2012.07.13"]
[Round "8"]
[White "Soveaux, Jean"]
[Black "Delias, Gerard"]
[Result "1-0"]
[WhiteElo "1834"]
[BlackElo "1610"]
[PlyCount "48"]
[EventDate "2012.07.07"]
[EventType "swiss"]
[EventRounds "9"]
[EventCountry "FRA"]
[SourceTitle "CBM 149 Extra"]
[Source "ChessBase"]
[SourceDate "2012.08.24"]
[SourceVersion "1"]
[SourceVersionDate "2012.08.24"]
[SourceQuality "1"]

1. d4 Nf6 2. c4 e6 3. g3 d5 4. Nf3 c6 5. Bg2 Bd6 6. 0-0 Nbd7 7. Qc2 0-0 8. Nbd2 e5 9. cxd5 cxd5 10. dxe5 Nxe5 11. Rd1 Be6 12. Nxe5 Rc8 13. Qd3 Bxe5 14. Nf3 Bd6 15. b3 Qb6 16. Bb2 Ne4 17. e3 Rfd8 18. Rac1 Nc5 19. Qd4 Bf8 20. Ng5 Qa6 21. b4 Na4 22. Ba1 Nb6 23. Bf1 Qxa2 24. Qd3 Qa4 1-0

[Event "La Fere op 11th"]
[Site "La Fere"]
[Date "2012.07.09"]
[Round "3"]
[White "Van Poucke, Guy"]
[Black "Soveaux, Jean"]
[Result "0-1"]
[WhiteElo "1594"]
[BlackElo "1834"]
[PlyCount "36"]
[EventDate "2012.07.07"]
[EventType "swiss"]
[EventRounds "9"]
[EventCountry "FRA"]
[SourceTitle "CBM 149 Extra"]
[Source "ChessBase"]
[SourceDate "2012.08.24"]
[SourceVersion "1"]
[SourceVersionDate "2012.08.24"]
[SourceQuality "1"]

1. e4 c5 2. Nf3 Nc6 3. d4 Nxd4 4. Nxd4 e6 5. Nc3 a6 6. Be3 Ne7 7. Bc4 b5 8. Nc6 Nxc6 9. Bb3 Be7 10. Qd2 Bb7 11. f3 0-0 12. 0-0-0 d6 13. g4 Na5 14. g5 Nxb3+ 15. axb3 Re8 16. h4 Qc7 17. h5 b4 18. Na4 Qa5 0-1

[Event "La Fere op 11th"]
[Site "La Fere"]
[Date "2012.07.08"]
[Round "2"]
[White "Soveaux, Jean"]
[Black "Rouffignac, Marie"]
[Result "0-1"]
[WhiteElo "1834"]
[BlackElo "1689"]
[PlyCount "68"]
[EventDate "2012.07.07"]
[EventType "swiss"]
[EventRounds "9"]
[EventCountry "FRA"]
[SourceTitle "CBM 149 Extra"]
[Source "ChessBase"]
[SourceDate "2012.08.24"]
[SourceVersion "1"]
[SourceVersionDate "2012.08.24"]
[SourceQuality "1"]

1. d4 Nf6 2. c4 g6 3. Nc3 d5 4. Nf3 Bg7 5. e3 0-0 6. cxd5 Nxd5 7. a3 Nxc3 8. bxc3 c5 9. Bd3 Nc6 10. Bb2 Qa5 11. 0-0 Rd8 12. Qc2 cxd4 13. cxd4 Bg4 14. Nd2 Rac8 15. Bc3 Qc7 16. Rac1 e5 17. Nb3 Qe7 18. Qb2 exd4 19. exd4 Be6 20. Rfe1 Qg5 21. Nc5 Nxd4 22. Ne4 Qe7 23. Bf1 b6 24. Rcd1 Nf5 25. Rxd8+ Qxd8 26. Bxg7 Nxg7 27. Nf6+ Kh8 28. Re4 Qd1 29. Rh4 h5 30. Rd4 Qb3 31. Qd2 Nf5 32. Rd8+ Rxd8 33. Qxd8+ Kg7 34. Ne8+ Kh6 0-1

[Event "La Fere op 10th"]
[Site "La Fere"]
[Date "2011.07.09"]
[Round "9.25"]
[White "Soveaux, Jean"]
[Black "Rouffignac, Marie"]
[Result "0-1"]
[WhiteElo "1893"]
[BlackElo "1568"]
[PlyCount "50"]
[EventDate "2011.07.02"]
[EventType "swiss"]
[EventRounds "9"]
[EventCountry "FRA"]
[SourceTitle "EXT 2012"]
[Source "ChessBase"]
[SourceDate "2011.11.24"]
[SourceVersion "1"]
[SourceVersionDate "2011.11.24"]
[SourceQuality "1"]

1. d4 d5 2. c4 e6 3. Nc3 Be7 4. Nf3 Nf6 5. Bg5 0-0 6. e3 a6 7. Qc2 Nbd7 8. Bd3 dxc4 9. Bxc4 b5 10. Bd3 h6 11. Bh4 Bb7 12. Nd2 c5 13. Nce4 cxd4 14. exd4 Rc8 15. Qd1 Nb6 16. Nxf6+ Bxf6 17. Bxf6 Qxf6 18. 0-0 Qxd4 19. Nf3 Qxb2 20. Rb1 Qxa2 21. Ne5 Qd5 22. Nf3 Rfd8 23. Be2 Qxd1 24. Bxd1 Nc4 25. Re1 Bxf3 0-1

[Event "La Fere op"]
[Site "La Fere"]
[Date "2010.07.04"]
[Round "2"]
[White "Swiercz, Sonia"]
[Black "Soveaux, Jean"]
[Result "0-1"]
[WhiteElo "1774"]
[BlackElo "1944"]
[PlyCount "86"]
[EventDate "2010.07.03"]
[EventType "swiss"]
[EventRounds "9"]
[EventCountry "FRA"]
[SourceTitle "CBM 137 Extra"]
[Source "ChessBase"]
[SourceDate "2010.09.01"]
[SourceVersion "1"]
[SourceVersionDate "2010.09.01"]
[SourceQuality "1"]

1. e4 e5 2. Nf3 Nc6 3. Bc4 h6 4. Nc3 Nf6 5. d3 d6 6. h3 a6 7. Nd5 Nxd5 8. Bxd5 Ne7 9. Bb3 Ng6 10. d4 Qf6 11. dxe5 dxe5 12. Qd5 c6 13. Qd3 Be6 14. Bxe6 Qxe6 15. Be3 Be7 16. 0-0 Rd8 17. Qc3 0-0 18. a3 Rd7 19. Rad1 f6 20. Rxd7 Qxd7 21. Nd2 Kh7 22. Nb3 Nf4 23. Bxf4 exf4 24. Nc5 Qc8 25. Nd3 f3 26. Nf4 g5 27. Nh5 fxg2 28. Kxg2 Qe6 29. Ng3 Bd6 30. Qf3 Be5 31. c3 b5 32. Nf5 Qf7 33. Ne3 Qg6 34. Ng4 Bf4 35. Rd1 Rf7 36. Ne3 h5 37. Rd8 Bxe3 38. Qxe3 g4 39. hxg4 Qxg4+ 40. Qg3 Qxe4+ 41. Kh2 Rg7 42. Qh3 Qe5+ 43. Kh1 Qe1+ 0-1

[Event "La Fere op 8th"]
[Site "La Fere"]
[Date "2009.07.07"]
[Round "5"]
[White "Soveaux, Jean"]
[Black "Chevance, Gerard"]
[Result "1-0"]
[WhiteElo "1947"]
[BlackElo "1709"]
[PlyCount "133"]
[EventDate "2009.07.04"]
[EventType "swiss"]
[EventRounds "9"]
[EventCountry "FRA"]
[SourceTitle "CBM 131 Extra"]
[Source "ChessBase"]
[SourceDate "2009.09.03"]
[SourceVersion "2"]
[SourceVersionDate "2009.09.16"]
[SourceQuality "1"]

1. d4 d5 2. c4 e6 3. Nc3 Nf6 4. Nf3 Nbd7 5. e3 c6 6. Qc2 Bd6 7. b3 Bb4 8. Bd2 Qa5 9. Be2 0-0 10. 0-0 Re8 11. a3 Be7 12. Nxd5 Qd8 13. Nxe7+ Qxe7 14. Bc3 b6 15. Bd3 Rd8 16. Ne5 Bb7 17. Rfd1 Nf8 18. b4 Qc7 19. h3 a6 20. Bb2 Rac8 21. Rac1 h6 22. c5 b5 23. Qe2 Nd5 24. g3 Nd7 25. Qh5 Nf8 26. Kh2 Nf6 27. Qf3 N8d7 28. Ng4 Nxg4+ 29. hxg4 Nf6 30. e4 Qd7 31. Be2 Qc7 32. e5 Nd5 33. Qe4 g6 34. Kg2 Kg7 35. Rh1 Rh8 36. Rh3 Rh7 37. Rch1 Rch8 38. Qf3 Ne7 39. Bd3 Nd5 40. Bc1 Qe7 41. Bc2 f6 42. Qd3 Qf7 43. Qd2 g5 44. Bxh7 Rxh7 45. Qd3 Qg6 46. exf6+ Nxf6 47. Qxg6+ Kxg6 48. Kf3 Bc8 49. Ke2 Nxg4 50. Re1 Rf7 51. f3 Nf6 52. g4 Nd5 53. Reh1 Rh7 54. Kd3 Nf6 55. Bd2 Bd7 56. Ra1 h5 57. gxh5+ Nxh5 58. Rhh1 Rf7 59. Raf1 Ng3 60. Rhg1 Nxf1 61. Rxf1 Rf5 62. Ke4 Bc8 63. Rg1 Kf6 64. f4 gxf4 65. Bxf4 Rh5 66. Rg8 Bb7 67. Rb8 1-0

[Event "La Fere op 7th"]
[Site "La Fere"]
[Date "2008.07.12"]
[Round "9"]
[White "Dutel, Francois"]
[Black "Soveaux, Jean"]
[Result "0-1"]
[WhiteElo "1871"]
[BlackElo "1660"]
[PlyCount "82"]
[EventDate "2008.07.05"]
[EventType "swiss"]
[EventRounds "9"]
[EventCountry "FRA"]
[SourceTitle "CBM 125 Extra"]
[Source "ChessBase"]
[SourceDate "2008.09.01"]
[SourceVersion "1"]
[SourceVersionDate "2008.09.01"]
[SourceQuality "1"]

1. d4 Nf6 2. c4 d5 3. Nf3 g6 4. cxd5 Nxd5 5. e4 Nb6 6. Be2 Bg7 7. e5 0-0 8. Nc3 e6 9. 0-0 Nc6 10. Be3 Ne7 11. Qd2 Nf5 12. Bf4 Kh8 13. Rfd1 Nd5 14. Rac1 Nxf4 15. Qxf4 Bh6 16. Qg4 Bxc1 17. Rxc1 a6 18. Ne4 Nxd4 19. Nxd4 Qxd4 20. Rxc7 Qxe5 21. Rc5 Qxb2 22. Qh4 Qg7 23. Nf6 e5 24. Rxe5 Bf5 25. g4 g5 26. Qh5 Qxf6 27. Rxf5 Qg6 28. Qh3 Rac8 29. Bd3 Rc1+ 30. Kg2 h6 31. Rd5 Qg7 32. Rd6 f6 33. Bf5 Rc7 34. Qb3 Re7 35. Rd3 b5 36. Rh3 Re5 37. Rh5 Qb7+ 38. f3 Kg7 39. Qd3 Qd5 40. Qa3 Re2+ 41. Kh3 Qe5 0-1

[Event "La Fere op 7th"]
[Site "La Fere"]
[Date "2008.07.07"]
[Round "4"]
[White "Soveaux, Jean"]
[Black "Marchal, Chantal"]
[Result "1-0"]
[WhiteElo "1660"]
[BlackElo "1878"]
[PlyCount "79"]
[EventDate "2008.07.05"]
[EventType "swiss"]
[EventRounds "9"]
[EventCountry "FRA"]
[SourceTitle "CBM 125 Extra"]
[Source "ChessBase"]
[SourceDate "2008.09.01"]
[SourceVersion "1"]
[SourceVersionDate "2008.09.01"]
[SourceQuality "1"]

1. d4 Nf6 2. c4 g6 3. Nc3 Bg7 4. Nf3 d6 5. e3 0-0 6. Bd3 c6 7. h3 Qc7 8. Qc2 a5 9. a3 e5 10. 0-0 Na6 11. Re1 Bd7 12. Bd2 Rfe8 13. Rac1 Rac8 14. b3 Qb8 15. Ne4 Nxe4 16. Bxe4 f5 17. Bxf5 Bxf5 18. e4 Bd7 19. dxe5 dxe5 20. Bxa5 b6 21. Bc3 c5 22. Qd2 Bc6 23. Qg5 Rcd8 24. Re3 Qd6 25. h4 Qe7 26. Qg3 Rd6 27. Rc2 Nb8 28. Qh2 Rd1+ 29. Ne1 Nd7 30. h5 gxh5 31. Qxh5 Qf7 32. Qxd1 Nf6 33. f3 Nh5 34. Rd3 Bh6 35. Rd8 Be3+ 36. Rf2 Nf4 37. Bxe5 Bxf2+ 38. Kxf2 Ng6 39. Rxe8+ Qxe8 40. Bc7 1-0

[Event "La Fere op 7th"]
[Site "La Fere"]
[Date "2008.07.05"]
[Round "1"]
[White "Pavillon, Guillaume"]
[Black "Soveaux, Jean"]
[Result "1-0"]
[WhiteElo "1797"]
[BlackElo "1660"]
[PlyCount "59"]
[EventDate "2008.07.05"]
[EventType "swiss"]
[EventRounds "9"]
[EventCountry "FRA"]
[SourceTitle "CBM 125 Extra"]
[Source "ChessBase"]
[SourceDate "2008.09.01"]
[SourceVersion "1"]
[SourceVersionDate "2008.09.01"]
[SourceQuality "1"]

1. c4 e5 2. Nc3 Nf6 3. Nf3 Nc6 4. e3 d6 5. d4 exd4 6. Nxd4 Bd7 7. Be2 g6 8. 0-0 Bg7 9. Bf3 Rb8 10. Nxc6 bxc6 11. Qa4 Rb6 12. c5 dxc5 13. Qxa7 Qb8 14. Qxb8+ Rxb8 15. Rb1 0-0 16. e4 Ng4 17. Bf4 Ne5 18. Be2 Be6 19. a3 c4 20. Na4 Rb5 21. Nc3 Rb7 22. Na4 Rb5 23. Rfd1 Rfb8 24. Be3 Nd3 25. Bxd3 cxd3 26. Rxd3 Bxb2 27. Rxb2 Rxb2 28. Nxb2 Rxb2 29. Rd8+ Kg7 30. Bd4+ 1-0